<?xml version="1.0" encoding="UTF-8"?>
<record
    xmlns:xsi="http://www.w3.org/2001/XMLSchema-instance"
    xsi:schemaLocation="http://www.loc.gov/MARC21/slim http://www.loc.gov/standards/marcxml/schema/MARC21slim.xsd"
    xmlns="http://www.loc.gov/MARC21/slim">

  <leader>00803nam a22002297a 4500</leader>
  <controlfield tag="005">20130523123207.0</controlfield>
  <controlfield tag="008">090109t        xxu||||| |||| 00| 0urd d</controlfield>
  <datafield tag="010" ind1=" " ind2=" ">
    <subfield code="a">UR-8407</subfield>
  </datafield>
  <datafield tag="020" ind1=" " ind2=" ">
    <subfield code="c">200.00</subfield>
  </datafield>
  <datafield tag="035" ind1=" " ind2=" ">
    <subfield code="a">U-6962</subfield>
  </datafield>
  <datafield tag="037" ind1=" " ind2=" ">
    <subfield code="b">DBAD/PUB</subfield>
  </datafield>
  <datafield tag="040" ind1=" " ind2=" ">
    <subfield code="a">DPL</subfield>
    <subfield code="b">urdu</subfield>
  </datafield>
  <datafield tag="082" ind1=" " ind2=" ">
    <subfield code="a">841.1</subfield>
  </datafield>
  <datafield tag="100" ind1=" " ind2=" ">
    <subfield code="9">12785</subfield>
    <subfield code="a">&#x631; &#x627; &#x62D;&#x62A; &#x633;&#x644;&#x637;&#x627; &#x646;&#x6C1; </subfield>
  </datafield>
  <datafield tag="245" ind1=" " ind2=" ">
    <subfield code="a">&#x639;&#x644;&#x6CC;&#x645; &#x635;&#x628;&#x627; &#x646;&#x648; &#x6CC;&#x62F; &#x6CC; &#x6A9;&#x6CC; &#x646;&#x639;&#x62A;&#x6CC;&#x6C1; &#x634;&#x627; &#x639;&#x631; &#x6CC; / </subfield>
    <subfield code="c">&#x631; &#x627; &#x62D;&#x62A; &#x633;&#x644;&#x637;&#x627; &#x646;&#x6C1; </subfield>
  </datafield>
  <datafield tag="246" ind1=" " ind2=" ">
    <subfield code="a">Aleem Saba Naveedi Ki Natiya Shairi</subfield>
    <subfield code="b">by Rahat Sultana</subfield>
  </datafield>
  <datafield tag="260" ind1=" " ind2=" ">
    <subfield code="a">&#x62D;&#x6CC;&#x62F; &#x631; &#x622; &#x628;&#x627; &#x62F; </subfield>
    <subfield code="b">&#x627; &#x644;&#x627; &#x646;&#x635;&#x627; &#x631; &#x67E;&#x628;&#x644;&#x6CC; &#x6A9;&#x6CC;&#x634;&#x646;&#x632;</subfield>
  </datafield>
  <datafield tag="270" ind1=" " ind2=" ">
    <subfield code="a">18-8-223/12/A, Riyasat Nagar, </subfield>
    <subfield code="b">Hyderabad</subfield>
    <subfield code="e">059</subfield>
    <subfield code="k">9391301192</subfield>
    <subfield code="m">al_ansar_annual@yahoo.co.in</subfield>
  </datafield>
  <datafield tag="300" ind1=" " ind2=" ">
    <subfield code="a">188 &#x635;  </subfield>
    <subfield code="c">22  (Pb)</subfield>
  </datafield>
  <datafield tag="700" ind1=" " ind2=" ">
    <subfield code="9">55153</subfield>
  </datafield>
  <datafield tag="942" ind1=" " ind2=" ">
    <subfield code="2">ddc</subfield>
    <subfield code="c">UR</subfield>
    <subfield code="h">841.1</subfield>
    <subfield code="m">&#x631; &#x627; &#x62D; </subfield>
  </datafield>
  <datafield tag="999" ind1=" " ind2=" ">
    <subfield code="c">75995</subfield>
    <subfield code="d">75995</subfield>
  </datafield>
  <datafield tag="952" ind1=" " ind2=" ">
    <subfield code="0">0</subfield>
    <subfield code="1">0</subfield>
    <subfield code="2">ddc</subfield>
    <subfield code="4">0</subfield>
    <subfield code="7">0</subfield>
    <subfield code="8">NFIC</subfield>
    <subfield code="a">DBAD</subfield>
    <subfield code="b">DBAD</subfield>
    <subfield code="d">2013-05-23</subfield>
    <subfield code="e">DBAD/PUB</subfield>
    <subfield code="g">200.00</subfield>
    <subfield code="l">0</subfield>
    <subfield code="o">841.1 &#x631; &#x627; &#x62D;</subfield>
    <subfield code="p">U-6962</subfield>
    <subfield code="r">2013-05-23 00:00:00</subfield>
    <subfield code="t">1</subfield>
    <subfield code="v">200.00</subfield>
    <subfield code="w">2013-05-23</subfield>
    <subfield code="y">UR</subfield>
  </datafield>
</record>
